000 00274 a2200145 4500
001 169860
020 _a
040 _cMagnum
100 _aWeinberg, Naum
240 1 0 _aCriatividade
_lpor
245 1 0 _aCriatividade
362 0 _a1899
697 _aENSINO
942 _cBK
999 _c169860
_d169860